Destinos del Aeropuerto Int. de San Carlos de Bariloche - Estadísticas

Estadísticas generales
  • Esta prueba ha sido intentada 24 veces
    10 desde el último reinicio
  • La puntuación promedio es 9 de 13
Estadísticas de respuestas
Aerolíneas Destino % Correcto
Aerolíneas ArgentinasFlybondi
JetSMART
LADE
Buenos Aires (AEP)
86%
Aerolíneas ArgentinasFlybondi
JetSMART
Buenos Aires (EZE)
86%
Aerolíneas ArgentinasFlybondi Córdoba
86%
Aerolíneas ArgentinasJetSMART Mendoza
86%
Sky Airline Santiago de Chile
86%
Aerolíneas ArgentinasGOL Linhas Aereas
LATAM Airlines
São Paulo
86%
Azul Linhas Aéreas Campinas
71%
Azul Linhas Aéreas Porto Alegre
71%
Aerolíneas Argentinas Rosario
71%
LADE Bahía Blanca
57%
LADE Mar del Plata
57%
Azul Linhas Aéreas Belo Horizonte
43%
Aerolíneas Argentinas El Calafate
43%
No se encontraron pruebas coincidentes
Distribución de puntuación
Porcentaje de gente con cada puntuación
Porcentaje por número respondido
Historial de tus puntuaciones
No has intentado esta prueba desde el último reinicio